1290 1324 1156 1561 1136 1276 1260 1256 1507 1484 1384 1438 1570 1312 1208 1446 1312 1582 1847 1971 1126 1872 1156 1540 1450 1679 1633 1446 1197 1427 1684 1905 1644 1465 1629 1473 1681 1141 1474 1500 1707 1758 1296 1542 1962 1899 1843 1642 1289 1977 1542 1674 1795 1059 1497 1192 1739 1543 1153 1528 1053 1760 1229 1382 1509 1436 1809 1272 1925 1873 1893 1627 1014 1667 1255 1282 1621 1205 1445 1367 1947 1003 1913 1359 1609 1260 1297 1133 1056 1480 1995 1620 1806 1464 1412 1203 1635 1114 1483 BCNSPRNW ULIB Ver.6.0+V

เปลี่ยนเป็นภาษาไทย

Change to English
 แสดงรายละเอียดบรรณานุกรม
  กลับหน้าหลัก

Brief Record : Get Marc (ISO 2709) : E-mail record : QR code < ปิดหน้าต่าง
LEADER : 00000nam 2200000uu 4500
001    13399115230
003     ULIB
008    120801s2009||||th 000 0 tha d
020    ^a9781416046875
060    ^a WY150^bB627M 2009 V.1
245 00 ^aMedical-surgical nursing :^bclinical management for positive outcomes volume 1 /^cedited by Joyce M. Black, Jane Hokanson Hawks, Annabelle M. Keene
250    ^a 8th ed.
260    ^aPhiladelphia :^bSaunders,^c2009
300    ^a2 v.1179-2218 pp :^bill.^c
650  2 ^aNursing Care
650  2 ^aPerioperative Nursing
700 1  ^aBlack, Joyce M.,^eed.
700 1  ^aHawks, Jane Hokanson,^eed.
700 1  ^aKeene, Annabelle M.,^eed.
945    ^p0^l0^i19162
995    ^akanchaporn
999    ^aใช้งานได้ทุกระบบ
รายการนี้ยังไม่มีแท็ก
คุณยังไม่ได้ล็อกอิน คุณสามารถมีกิจกรรมร่วมกับเว็บไซต์ได้ แต่ต้องล็อกอินก่อน ::
  ล็อกอิน

รายการสื่อสารสนเทศ

ลำดับที่ ประเภท เลขเรียก/บาร์โค้ด สถานที่ สถานะ
- ไม่พบข้อมูล -

รายการใกล้เคียง
    หัวเรื่อง [Nursing Care]
    หัวเรื่อง [Perioperative Nursing]

BibComment


ยังไม่เคยถูกคอมเมนท์

คอมเมนท์ทรัพยากรรายการนี้
  คอมเมนท์: Medicalsurgical ..


 Copyright 2026. Bcnsprnw @Library